000 00477nab a2200145Ia 4500
003 ES-SlBCS
005 20210601145730.0
008 140529s1952 xxu||||| |||| 00| 0 spa d
041 _aspa
100 1 _aLaloira, Marcel
_9316079
245 0 0 _aRepercusiones del Plan Schuman sobre la política social de Bélgica
_c Marcel Laloira
650 0 4 _aPlan Schuman
_9188280
773 0 _tRevista Internacional de Sociologia
_gvol. 10, nº. 39, 1952, págs. 31-46
_wRev1355
942 _cAR
999 _c729051
_d729051